| 000 | 00342nam a22001457a 4500 | ||
|---|---|---|---|
| 003 | SGT | ||
| 020 | _a9788119613946 | ||
| 082 |
_a611 _bKAU |
||
| 100 | _aKAUSER DR M.S | ||
| 245 | _aTEXTBOOK OF HUMAN ANATOMY AND PHYSIOLOGY-II | ||
| 260 |
_aINDIA _bIP PUB _c2026 |
||
| 300 | _a233 | ||
| 490 | _aHUMAN ANATOMY & PHYSIOLOGY | ||
| 942 |
_2ddc _cBK |
||
| 999 |
_c34145 _d34145 |
||